Indian Premier Team (IPL) Logos - Statistics

General Stats
  • This quiz has been taken 25 times
  • The average score is 5 of 10
Answer Stats
Picture Answer % Correct
Mumbai Indians
94%
Chennai Super Kings
88%
Rajasthan Royals
82%
Kolkata Knight Riders
76%
Sunrisers Hyderabad
71%
Punjab Kings
41%
Royal Challengers Bengaluru
41%
GT
18%
Capitals
12%
Super Giants
12%
No matching quizzes found
Score Distribution
Percent of People with Each Score
Percentile by Number Answered
Your Score History
You have not taken this quiz